Credit for college; public policy for student loans,

Saved in:
Bibliographic Details
Main Author: Hartman, Robert W.
Corporate Author: Carnegie Commission on Higher Education
Format: Book
Language:English
Published: New York, McGraw-Hill [1971]
Subjects:
LEADER 01103nam a2200277 4500
001 c000352797
003 CARM
005 00000000000000.0
008 710817s1971 nyua b 00010 eng
019 1 |a 23880175  |z 253119  |z 21875775  |5 LACONCORD2021 
020 |a 0070100306 
035 |a (OCoLC)156981  |5 LACONCORD2021 
043 |a n-us--- 
050 0 0 |a LB2340  |b .H36 
100 1 |a Hartman, Robert W. 
245 1 0 |a Credit for college;  |b public policy for student loans,  |c by Robert W. Hartman. A report for the Carnegie Commission on Higher Education. 
260 |a New York,  |b McGraw-Hill  |c [1971] 
300 |a x, 152 p.  |b illus.  |c 24 cm. 
504 |a Bibliography: p. 115-120. 
650 0 |a Student loan funds  |z United States. 
650 0 |a Federal aid to higher education  |z United States. 
710 2 |a Carnegie Commission on Higher Education. 
852 8 |b CARM  |h A1:AP19A0  |i C09262  |p 0347563  |f BK 
082 0 4 |a 379/.1214 
999 f f |i 0d6a26d9-7cad-5ec2-bd80-82f3bbf5a37f  |s 806f978b-d7fd-5c79-916e-47d1bb37a71b 
952 f f |p Can circulate  |a CAVAL  |b CAVAL  |c CAVAL  |d CARM 1 Store  |e C09262  |f A1:AP19A0  |h Other scheme  |i book  |m 0347563